Estudio de impacto ambiental para 13 Km del proyecto de rehabilitación y mejoramiento de la carretera Puertas Viejas - Esquipulas
Presenta estudio de impacto ambiental para 13 Km del proyecto de rehabilitación y mejoramiento de la carretera Puertas Viejas - Esquipulas, presenta las características físicas y bióticas de la zona de influencia del proyecto, así como las acciones realizadas y elementos del medio ambiente afec...
| Main Authors: | , |
|---|---|
| Other Authors: | |
| Format: | Tesis Section = Libro |
| Language: | Undetermined Spanish |
| Published: |
Managua
UNI
2013
|
| Subjects: |
| LEADER | 01263nam a2200253Ia 4500 | ||
|---|---|---|---|
| 008 | 240830s9999 xx 000 0 und d | ||
| 040 | |a BIBLIOTECA-RUPAP T.Mon 625.85 Z-95 | ||
| 041 | |a spa | ||
| 082 | |a T.Mon 625.85 Z-95 | ||
| 100 | 1 | |a Zúniga Arauz, Douglas Danilo | |
| 100 | 1 | |b Viu Chamorro, Sidelsky | |
| 245 | 1 | 0 | |a Estudio de impacto ambiental para 13 Km del proyecto de rehabilitación y mejoramiento de la carretera Puertas Viejas - Esquipulas |
| 260 | |a Managua |b UNI |c 2013 | ||
| 300 | |a 130 p. :il. | ||
| 500 | |a Contiene: anexos. | ||
| 502 | |a Tesis (Ingeniero Civil)- UNI, 2013. | ||
| 520 | 3 | |a Presenta estudio de impacto ambiental para 13 Km del proyecto de rehabilitación y mejoramiento de la carretera Puertas Viejas - Esquipulas, presenta las características físicas y bióticas de la zona de influencia del proyecto, así como las acciones realizadas y elementos del medio ambiente afectados por la rehabilitación y presenta las alternativas de mitigación viables de acuerdo a los efectos negativos identificados. | |
| 650 | 7 | |a CARRETERAS - CUIDADOS Y MANTENIMIENTO | |
| 650 | 7 | |b CARRTERAS DE HORMIGON | |
| 650 | 7 | |c PAVIMENTACION DE HORMIGON | |
| 700 | 1 | |a Tutor: |b Lacayo, Mauricio | |
| 942 | |c BK |2 ddc | ||
| 991 | |a TESIS | ||
| 999 | |c 18429 | ||